BIBLIOTECA

SENCICO

Ciencias de la Tierra (Registro nro. 1075)

Detalles MARC
000 -LEADER
fixed length control field 00741nam a2200301Ia 4500
005 - DATE AND TIME OF LATEST TRANSACTION
control field 20251020182458.0
008 - FIXED-LENGTH DATA ELEMENTS--GENERAL INFORMATION
fixed length control field 200515s9999 xx 000 0 und d
020 ## - INTERNATIONAL STANDARD BOOK NUMBER
International Standard Book Number 968-24-5446-8
082 ## - DEWEY DECIMAL CLASSIFICATION NUMBER
Classification number 624.136/S21
100 ## - MAIN ENTRY--PERSONAL NAME
Personal name Balanzario Zamorate, José
100 ## - MAIN ENTRY--PERSONAL NAME
Personal name Sánchez Cervón, Julio
100 ## - MAIN ENTRY--PERSONAL NAME
Personal name Zapata Zepeda, José Enrique
245 #0 - TITLE STATEMENT
Title Ciencias de la Tierra
250 ## - EDITION STATEMENT
Edition statement 1a ed.
260 ## - PUBLICATION, DISTRIBUTION, ETC.
Place of publication, distribution, etc. México, D.F.
260 ## - PUBLICATION, DISTRIBUTION, ETC.
Name of publisher, distributor, etc. Trillas
260 ## - PUBLICATION, DISTRIBUTION, ETC.
Date of publication, distribution, etc. 2004
300 ## - PHYSICAL DESCRIPTION
Extent 246 p.
300 ## - PHYSICAL DESCRIPTION
Other physical details il., col., map., tbl., graf.
500 ## - GENERAL NOTE
General note 1 ejemplar
650 ## - SUBJECT ADDED ENTRY--TOPICAL TERM
Topical term or geographic name entry element ATMOSFERA
650 ## - SUBJECT ADDED ENTRY--TOPICAL TERM
Topical term or geographic name entry element CIENCIAS DE LA TIERRA
650 ## - SUBJECT ADDED ENTRY--TOPICAL TERM
Topical term or geographic name entry element GEOGRAFIA
650 ## - SUBJECT ADDED ENTRY--TOPICAL TERM
Topical term or geographic name entry element SISTEMA SOLAR
650 ## - SUBJECT ADDED ENTRY--TOPICAL TERM
Topical term or geographic name entry element VULCANISMO
942 ## - ADDED ENTRY ELEMENTS (KOHA)
Koha item type Libros
Existencias
Fecha de la última vez que lo usaron Pago total Signatura topográfica completa Código de barras Precio efectivo desde Tipo de documento Estado perdido Estado dañado No es para préstamo Retirado Ubicación permanente Ubicación actual Fecha de adquisición
15/05/2020   624.136/S21 Bib-Lima15051075 15/05/2020 Libros         Biblioteca Central Lima Biblioteca Central Lima 15/05/2020